000 00298nam a2200121Ia 4500
005 20250409180920.0
008 250409s9999||||xx |||||||||||||| ||und||
100 _aBOYD, HARPER W
245 0 _aADVERTISING MANAGEMENT
260 _bRICHARD D IRWIN INC,
_aDELHI:
650 _vManagement
942 _cBOOK
999 _c2890
_d2890